[Event "Jakarta Indonesia op 2nd"]
[Site "Jakarta"]
[Date "2012.10.13"]
[Round "4"]
[White "Korneev, Oleg"]
[Black "Jafar, Sofyan"]
[Result "1-0"]
[WhiteElo "2591"]
[BlackElo "2286"]
[PlyCount "68"]
[EventDate "2012.10.11"]
[EventType "swiss"]
[EventRounds "9"]
[EventCountry "INA"]
[SourceTitle "EXT 2013"]
[Source "ChessBase"]
[SourceDate "2012.11.22"]
[SourceVersion "1"]
[SourceVersionDate "2012.11.22"]
[SourceQuality "1"]

1. e4 e5 2. Nf3 Nc6 3. Bc4 Bc5 4. 0-0 Nf6 5. d3 d6 6. c3 0-0 7. Nbd2 a6 8. Bb3 b5 9. h3 Bb6 10. Re1 Be6 11. Nf1 Ne7 12. Ng3 h6 13. Nh4 d5 14. Qf3 dxe4 15. dxe4 Qd6 16. Bxh6 gxh6 17. Qxf6 Bxb3 18. Qxd6 cxd6 19. axb3 Kh7 20. Nhf5 Nc8 21. Red1 Rd8 22. Nf1 a5 23. N1e3 Bxe3 24. Nxe3 Ne7 25. Nd5 Nc6 26. Rd3 Ra7 27. Rad1 a4 28. bxa4 bxa4 29. Rg3 h5 30. Rdd3 f5 31. exf5 Rf8 32. f6 e4 33. Rg7+ Kh6 34. Rdg3 Ne5 1-0